[Event "Vienna op 13th"]
[Site "Vienna"]
[Date "1998.??.??"]
[Round "?"]
[White "Biberle, Bernhard"]
[Black "Weinzettl, Ernst"]
[Result "1/2-1/2"]
[WhiteElo "2165"]
[BlackElo "2410"]
[PlyCount "120"]
[EventDate "1998.10.25"]
[EventType "swiss"]
[EventRounds "9"]
[EventCountry "AUT"]
[SourceTitle "EXT 2000"]
[Source "ChessBase"]
[SourceDate "1999.11.16"]
[SourceVersion "1"]
[SourceVersionDate "1999.11.16"]
[SourceQuality "1"]

1. e4 e6 2. d4 d5 3. exd5 exd5 4. Bf4 Bd6 5. Bxd6 Qxd6 6. c3 Ne7 7. Bd3 Nbc6 8. Ne2 Ng6 9. Nd2 Nh4 10. g3 Ng2+ 11. Kf1 Bh3 12. Kg1 0-0-0 13. Bf5+ Bxf5 14. Kxg2 g5 15. Re1 h5 16. Ng1 h4 17. g4 h3+ 18. Kh1 Bd7 19. Qf3 Rh4 20. Qg3 Qg6 21. f3 f5 22. gxf5 Qxf5 23. Re2 Rf4 24. Rf1 Rf8 25. Ref2 Qf6 26. Nxh3 Bxh3 27. Qxh3+ Kb8 28. Rg1 a6 29. Re2 Rf5 30. Rge1 Ka7 31. Re8 Rxe8 32. Rxe8 Qg6 33. Rg8 Qf7 34. Rg7 Qxg7 35. Qxf5 Qe7 36. Qd3 Qe1+ 37. Kg2 Nd8 38. Nf1 Ne6 39. Qd2 Nf4+ 40. Kg1 Nh3+ 41. Kg2 Nf4+ 42. Kg1 Qh4 43. Ne3 Qh3 44. Ng2 Qxf3 45. Nxf4 gxf4 46. Qg2 Qe3+ 47. Qf2 Qe4 48. Qd2 f3 49. Kf2 Qg4 50. h4 c6 51. Qg5 Qe4 52. Qd2 a5 53. b3 Kb6 54. c4 Ka6 55. cxd5 cxd5 56. Qe3 Qxh4+ 57. Kxf3 Qh3+ 58. Ke2 Qg2+ 59. Kd3 b6 60. Kc3 Qxa2 1/2-1/2

[Event "Vienna op 13th"]
[Site "Vienna"]
[Date "1998.??.??"]
[Round "?"]
[White "Trkulja, Goran"]
[Black "Biberle, Bernhard"]
[Result "1-0"]
[WhiteElo "2300"]
[BlackElo "2165"]
[PlyCount "71"]
[EventDate "1998.10.25"]
[EventType "swiss"]
[EventRounds "9"]
[EventCountry "AUT"]
[SourceTitle "EXT 2000"]
[Source "ChessBase"]
[SourceDate "1999.11.16"]
[SourceVersion "1"]
[SourceVersionDate "1999.11.16"]
[SourceQuality "1"]

1. e4 c6 2. d4 d5 3. Nc3 dxe4 4. Nxe4 Nd7 5. Nf3 Ngf6 6. Neg5 e6 7. Bd3 Bd6 8. Qe2 h6 9. Ne4 Nxe4 10. Qxe4 Nf6 11. Qe2 Qc7 12. Bd2 b6 13. 0-0-0 Bb7 14. Kb1 c5 15. dxc5 Bxc5 16. Bb5+ Ke7 17. Bc3 Rhd8 18. Nh4 Qf4 19. Nf3 Rxd1+ 20. Rxd1 Rd8 21. Rxd8 Kxd8 22. a3 Ke7 23. Be5 Qe4 24. Qd2 Qd5 25. Bd3 Bd6 26. Bc3 Qh5 27. Nd4 Nd5 28. Nb5 Bf4 29. Bb4+ Kf6 30. Qe1 a6 31. Nd6 Nxb4 32. Qxb4 Bxd6 33. Qxd6 Qd5 34. Qxb6 Qxg2 35. f4 Be4 36. Qd4+ 1-0

[Event "Casino op 3rd"]
[Site "Velden"]
[Date "1995.??.??"]
[Round "5"]
[White "Biberle, Bernhard"]
[Black "Forster, Richard"]
[Result "0-1"]
[WhiteElo "2066"]
[BlackElo "2370"]
[PlyCount "80"]
[EventDate "1995.06.30"]
[EventType "swiss"]
[EventRounds "9"]
[EventCountry "AUT"]
[SourceTitle "EXT 1997"]
[Source "ChessBase"]
[SourceDate "1996.11.15"]
[SourceVersion "1"]
[SourceVersionDate "1996.11.15"]
[SourceQuality "1"]

1. d4 Nf6 2. Nf3 c5 3. e3 g6 4. Be2 Bg7 5. 0-0 0-0 6. c4 b6 7. Nc3 d6 8. Qc2 a6 9. b3 cxd4 10. Nxd4 Bb7 11. Bf3 Qc7 12. Bxb7 Qxb7 13. Bb2 Rc8 14. Qe2 Nbd7 15. e4 Rab8 16. Kh1 Nc5 17. f3 e6 18. Rfd1 Qe7 19. Rac1 Nh5 20. g3 Nf6 21. b4 Ncd7 22. b5 Ne5 23. f4 Nxc4 24. Nc6 Rxc6 25. bxc6 Nxb2 26. Rd2 Qc7 27. Rxb2 Qxc6 28. Rbc2 Qb7 29. Qd3 Rd8 30. h3 b5 31. a3 h5 32. Kh2 Rd7 33. Qe2 Rc7 34. e5 dxe5 35. Ne4 Rxc2 36. Nxf6+ Bxf6 37. Qxc2 Qf3 38. Qd2 h4 39. gxh4 exf4 40. Rg1 Bxh4 0-1

[Event "Casino op 3rd"]
[Site "Velden"]
[Date "1995.??.??"]
[Round "3"]
[White "Bueckers, Bernhard"]
[Black "Biberle, Bernhard"]
[Result "0-1"]
[WhiteElo "1729"]
[BlackElo "2066"]
[PlyCount "52"]
[EventDate "1995.06.30"]
[EventType "swiss"]
[EventRounds "9"]
[EventCountry "AUT"]
[SourceTitle "EXT 2022"]
[Source "ChessBase"]
[SourceDate "2021.10.06"]
[SourceVersion "1"]
[SourceVersionDate "2021.10.06"]
[SourceQuality "1"]

1. c4 e5 2. Nc3 f5 3. d4 e4 4. g3 Nf6 5. Bg2 Be7 6. Nh3 0-0 7. 0-0 Nc6 8. a3 a5 9. Nf4 b6 10. b3 Ba6 11. Re1 Rb8 12. e3 g5 13. Nfd5 Nxd5 14. Nxd5 a4 15. bxa4 Bxc4 16. Nxe7+ Qxe7 17. Bb2 d5 18. Bc3 Rf6 19. Bf1 Bxf1 20. Rxf1 Ra8 21. Qb3 Qe6 22. Bb4 f4 23. f3 fxg3 24. fxe4 gxh2+ 25. Kxh2 Rh6+ 26. Kg1 Qg4+ 0-1

[Event "Casino op 3rd"]
[Site "Velden"]
[Date "1995.??.??"]
[Round "9"]
[White "Szenetra, Werner"]
[Black "Biberle, Bernhard"]
[Result "1-0"]
[WhiteElo "2265"]
[BlackElo "2066"]
[PlyCount "61"]
[EventDate "1995.06.30"]
[EventType "swiss"]
[EventRounds "9"]
[EventCountry "AUT"]
[SourceTitle "EXT 1997"]
[Source "ChessBase"]
[SourceDate "1996.11.15"]
[SourceVersion "1"]
[SourceVersionDate "1996.11.15"]
[SourceQuality "1"]

1. Nf3 d5 2. d3 g6 3. g3 Bg7 4. Bg2 Nf6 5. 0-0 0-0 6. Nbd2 c6 7. e4 dxe4 8. dxe4 Qc7 9. Re1 e5 10. b3 Rd8 11. Bb2 Ne8 12. Qe2 Be6 13. Ng5 Qe7 14. Nxe6 Qxe6 15. Nc4 b5 16. Na5 Bf8 17. a3 Nd7 18. Qf1 g5 19. Rad1 Rab8 20. Rd3 Bc5 21. Red1 Bb6 22. b4 c5 23. Rd5 Bc7 24. Bc1 f6 25. f3 h5 26. Be3 cxb4 27. axb4 Bb6 28. Bxb6 axb6 29. Nb3 Kf7 30. f4 Nc7 31. Rd6 1-0